00984nam a2200169Ia 4500008004100000020001800041050002600059100002800085245004600113250001200159260003200171300003500203500004000238505049600278650001400774700002600788121028s9999 xx 000 0 und d a0-534-38472-2 aQA276.12bJ65218 2004 aJohnson, Robert eautor aEstadística elementalc/ Robert johnson a3a. ed. aMéxicob: Thomsonc, 2004 a509 pág.b; tablasc: 26 cm. aTraducción de: Villagómez Hugo. aI. Estadística II. Análisis descriptivo y presentación de datos de una sola variable III. Análisis descriptivo y representación de datos de dos variables IV. Probabilidad V. Distribuciones de probabilidad (variables discretas) VI. Distribuciones de probabilidad normales VII. Variabilidad de la muestra VIII. Introducción a las inferencias estadísticas IX. Inferencias que involucran una población X. Inferencias que involucran dos poblaciones XI. Aplicaciones de ji-cuadrada 0aÁLGEBRA aKuby, Patriciaeautor